[Event "Budapest Spring op 27th"]
[Site "Budapest"]
[Date "2011.03.20"]
[Round "4"]
[White "Zala, Gyula"]
[Black "Papa, Kassim"]
[Result "0-1"]
[WhiteElo "2074"]
[BlackElo "1919"]
[PlyCount "74"]
[EventDate "2011.03.18"]
[EventType "swiss"]
[EventRounds "9"]
[EventCountry "HUN"]
[SourceTitle "CBM 141 Extra"]
[Source "ChessBase"]
[SourceDate "2011.05.03"]
[SourceVersion "1"]
[SourceVersionDate "2011.05.03"]
[SourceQuality "1"]

1. e4 c5 2. a3 e6 3. b4 cxb4 4. axb4 Bxb4 5. c3 Bf8 6. d4 d5 7. e5 Nc6 8. Bd3 Bd7 9. Ra2 Qc7 10. Ne2 Na5 11. 0-0 Nc4 12. Nf4 g6 13. Nh3 Ne7 14. f4 h5 15. Ng5 Nf5 16. Re1 Be7 17. Rf2 a5 18. g4 hxg4 19. Qxg4 a4 20. Rg2 Rh4 21. Qf3 Bxg5 22. Bxf5 exf5 23. fxg5 Be6 24. Ra2 Qb6 25. Nd2 Nxd2 26. Bxd2 Qb3 27. Rea1 b5 28. Qd1 Qc4 29. Qf1 Rc8 30. Rb2 Qxf1+ 31. Rxf1 Bd7 32. Ra1 Kf8 33. Be1 Re4 34. Bd2 Kg7 35. Re1 Rg4+ 36. Kh1 Rh8 37. Re3 Rh7 0-1

[Event "Orsay-C"]
[Site "Orsay"]
[Date "2009.02.21"]
[Round "7"]
[White "Papa, Kassim"]
[Black "Msellek, Ilyass"]
[Result "0-1"]
[WhiteElo "1851"]
[BlackElo "1846"]
[PlyCount "62"]
[EventDate "2009.02.15"]
[EventType "tourn"]
[EventRounds "7"]
[EventCountry "FRA"]
[SourceTitle "CBM 129 Extra"]
[Source "ChessBase"]
[SourceDate "2009.05.05"]
[SourceVersion "2"]
[SourceVersionDate "2009.05.20"]
[SourceQuality "1"]

1. e4 c5 2. Nf3 e6 3. d4 cxd4 4. Nxd4 Nf6 5. Nc3 Nc6 6. Bg5 Bb4 7. Ndb5 0-0 8. a3 Bc5 9. Qd2 h6 10. Bh4 a6 11. Nd6 Bxd6 12. Qxd6 Nxe4 13. Nxe4 Qxh4 14. Bd3 Qe7 15. 0-0-0 f5 16. Qxe7 Nxe7 17. Nd6 b5 18. f4 Nd5 19. g3 Ra7 20. Be2 Rc7 21. Bf3 Ne3 22. Rd2 g5 23. Re1 Nc4 24. Nxc4 Rxc4 25. Rd6 gxf4 26. b3 Rc3 27. Be2 fxg3 28. Bd3 gxh2 29. Rh1 Rc6 30. Rd4 Kh7 31. Rxh2 e5 0-1

[Event "Orsay-C"]
[Site "Orsay"]
[Date "2009.02.19"]
[Round "5"]
[White "Papa, Kassim"]
[Black "Bouville, David"]
[Result "0-1"]
[WhiteElo "1851"]
[BlackElo "1789"]
[PlyCount "63"]
[EventDate "2009.02.15"]
[EventType "tourn"]
[EventRounds "7"]
[EventCountry "FRA"]
[SourceTitle "CBM 129 Extra"]
[Source "ChessBase"]
[SourceDate "2009.05.05"]
[SourceVersion "2"]
[SourceVersionDate "2009.05.20"]
[SourceQuality "1"]

1. e4 d5 2. Nc3 d4 3. Nce2 Nc6 4. Ng3 g6 5. Nf3 Bg7 6. Bc4 Nf6 7. d3 Bg4 8. Bf4 0-0 9. Qd2 Bxf3 10. gxf3 Nd7 11. Ke2 Nce5 12. Bb3 c5 13. Bh6 Qb6 14. Bxg7 Kxg7 15. Rag1 Kh8 16. h4 c4 17. f4 cxb3 18. fxe5 bxc2 19. b3 Nxe5 20. h5 Qa6 21. hxg6 fxg6 22. f4 Qxa2 23. fxe5 c1N+ 24. Ke1 Qb1 25. Qh6 Nxd3+ 26. Kd2 Rf2+ 27. Ne2 Qb2+ 28. Kxd3 Qxe2+ 29. Kxd4 Rd8+ 30. Kc3 Qc2+ 31. Kb4 Rd4+ 32. Kb5 0-1